ბათუმის შოთა რუსთაველის სახელმწიფო უნივერსიტეტის ბიბლიოთეკა

История Украинской Литературы:в двух томах : (ბიბ.ჩანაწერი № 50688)

000 -LEADER
fixed length control field 01119nam a2200229Ia 4500
001 - CONTROL NUMBER
control field 17639
003 - CONTROL NUMBER IDENTIFIER
control field GE_BSU
005 - DATE AND TIME OF LATEST TRANSACTION
control field 20200220160322.0
008 - FIXED-LENGTH DATA ELEMENTS--GENERAL INFORMATION
fixed length control field 181216s1954 xx |||||||||||||| ||rus||
040 ## - CATALOGING SOURCE
Transcribing agency GE_BSU
041 ## - LANGUAGE CODE
Language code of text/sound track or separate title rus
080 ## - UNIVERSAL DECIMAL CLASSIFICATION NUMBER
Universal Decimal Classification number 821.161.2 И-90
245 ## - TITLE STATEMENT
Title История Украинской Литературы:в двух томах :
Remainder of title т.1 : Дооктябрьская литература /
Statement of responsibility, etc. Ред:колегия : А. И. Белецкий ; М. Д. Бернштеин; и др.
264 ## - PRODUCTION, PUBLICATION, DISTRIBUTION, MANUFACTURE, AND COPYRIGHT NOTICE
Place of production, publication, distribution, manufacture Киев :
Name of producer, publisher, distributor, manufacturer Издателъство академии наук украинской сср,
Date of production, publication, distribution, manufacture, or copyright notice 1954.
300 ## - PHYSICAL DESCRIPTION
Extent 757 стр .:
Dimensions 26 см.
653 ## - INDEX TERM--UNCONTROLLED
keyword История Украинской Литературы
653 ## - INDEX TERM--UNCONTROLLED
keyword ისტორია უკრაინული ლიტერატურის
653 ## - INDEX TERM--UNCONTROLLED
keyword რუსული ლიტერატურა
700 ## - ADDED ENTRY--PERSONAL NAME
Personal name Белецкий, А.И.
Relator term სარედაქციო კოლეგია
9 (RLIN) 7272
700 ## - ADDED ENTRY--PERSONAL NAME
Personal name Бернштеин, М.Д.
Relator term სარედაქციო კოლეგია
9 (RLIN) 7273
942 ## - ADDED ENTRY ELEMENTS (KOHA)
Koha item type წიგნი
Source of classification or shelving scheme
ეგზემპლარები
Withdrawn status Lost status Source of classification or shelving scheme Damaged status Not for loan Permanent Location Current Location Shelving location Date acquired Full call number Barcode Date last seen Copy number Price effective from Koha item type
          ბათუმის შოთა რუსთაველის სახელმწიფო უნივერსიტეტის მთავარი ბიბლიოთეკა ბათუმის შოთა რუსთაველის სახელმწიფო უნივერსიტეტის მთავარი ბიბლიოთეკა წიგნსაცავი 2018-12-17 821.161.2 И-90 45626 2018-12-17 45626 2018-12-17 წიგნი